| 000 | 00000nam 2200000za 4500 |
| 001 | 9.680669 |
| 003 | CaOODSP |
| 005 | 20210507160758 |
| 007 | ta |
| 008 | 150407|1998||||xxc||||| f|0| 0 fre d |
| 020 | |a0-662-83501-8 |
| 040 | |aCaOODSP|bfre |
| 043 | |an-cn--- |
| 086 | 1 |aCW66-174/1998F |
| 110 | 2 |aService canadien de la faune. |
| 245 | 10|aDirective pour les évaluations environnementales relatives aux milieux humides / |cpar Robert Milko. Publié par la Direction de la protection de la biodiversité. |
| 260 | |aOttawa - Ontario : |bEnvironnement Canada. |c1998. |
| 300 | |a20p. : |bill., références ; |c28 cm. |
| 500 | |a«Cette directive favorise une approche qui incorpore l'orientation sur les fonctions des terres humides de la Politique fédérale et du Guide de mise en oeuvre à l'approche écosystémique de l'évaluation environnementale telle qu'elle est décrite dans la LCEE.»--Page 5. N.B.: Le numéro ISBN (0-662-63741-0) imprimé dans cette publication est incorrect. |
| 520 | 3 |aCette directive favorise une approche qui incorpore l'orientation sur les fonctions des terres humides de la Politique fédérale et du Guide de mise en oeuvre à l'approche écosystémique de l'évaluation environnementale telle qu'elle est décrite dans la LCEE.--Page 5 |
| 563 | |aPolycopié |
| 590 | |a99-05|b1999-02-05 |
| 691 | 07|aÉvaluation environnementale|2gcpds |
| 691 | 07|aMarécage|2gcpds |
| 720 | 1 |aMilko, Robert |
| 775 | 08|tWetlands environmental assessment guideline / |w(CaOODSP)9.647050 |
| 776 | 0#|tDirective pour les évaluations environnementales relatives aux milieux humides / |w(CaOODSP)9.873807 |